Institut-Escola : revista de l'Institut-Escola de la Generalitat revista de l'Institut-Escola de la Generalitat
Descripción Física:
5 carpetes ; periodicitat: mensual amb irregularitats ; 24 cm
MARC
| LEADER | 00000nas a2200000 a 4500 | ||
|---|---|---|---|
| 001 | 28087 ; 28088 ; 28089 ; 28090 ; 28091 | ||
| 003 | AGDB | ||
| 005 | 20260324181506.0 | ||
| 008 | 160829s9999 xx 000 0 cat d | ||
| 008 | 160829s9999 xx 000 0 cat d | ||
| 040 | |a agdb |b cat | ||
| 110 | 2 | |9 55348 |a Institut-Escola (Barcelona, Catalunya) | |
| 245 | |a Institut-Escola : |b revista de l'Institut-Escola de la Generalitat | ||
| 246 | |a Institut = Escola : |b revista de l'Institut-Escola de la Generalitat | ||
| 260 | |a Barcelona : |b l'Institut ; |c 1932 -[1939?] | ||
| 300 | |a 5 carpetes ; |b periodicitat: mensual amb irregularitats ; |c 24 cm | ||
| 362 | |a Any 1, núm. 1 (maig 1932)-any 6, núm. 22 (maig 1937) | ||
| 590 | |a Mensual, amb irregularitats. | ||
| 590 | |a Descripció basada en: Any 1, núm. 4 (juny 1932). | ||
| 610 | 2 | 0 | |a Institut-Escola (Barcelona, Catalunya) |v Revistes |9 55349 |
| 655 | 0 | |a Revistes d'estudiants |9 55823 | |
| 655 | 0 | |a Revistes |9 55823 | |
| 856 | 4 | 1 | |u https://arca.bnc.cat/arcabib_pro/ca/consulta/registro.do?id=2531 |z Accés lliure (ARCA) |
| 866 | |a Any 1 - 1932 (4, 5, 7, 8) | ||
| 866 | |a Any 2 - 1933 (9, 10, 11, 12, 13, 14, 15) | ||
| 866 | |a Any 3 - 1934 (16, 17, 18) | ||
| 866 | |a Any 4 - 1935 (19, 20) | ||
| 866 | |a Any 6 (22) | ||
| 901 | |a Arxiu | ||
| 942 | |n 1 |2 udc |c REV | ||
| 952 | |0 0 |1 0 |2 udc |4 0 |6 REV2209 |7 1 |9 45116 |a Arxiu |b Arxiu |d 2016-12-01 |h Any 1 (1933) núm. 4 - Any 1 (1933) núm. 5 ; Any 1 (1933) núm. 7 - Any 1 (1933) núm. 8 |o Rev-2209 |p 28087 |r 2016-12-01 00:00:00 |w 2016-12-01 |y ARXIU | ||
| 952 | |0 0 |1 0 |2 udc |4 0 |6 REV2210 |7 1 |9 95945 |a Arxiu |b Arxiu |d 2023-07-11 |h Any 2 (1933) núm. 9 - Any 2 (1933) núm. 15 |l 0 |o Rev-2210 |p 28088 |r 2023-07-11 00:00:00 |w 2023-07-11 |y ARXIU | ||
| 952 | |0 0 |1 0 |2 udc |4 0 |6 REV2211 |7 1 |9 95946 |a Arxiu |b Arxiu |d 2023-07-11 |h Any 3 (1934) núm. 16 - Any 3 (1934) núm. 18 |l 0 |o Rev-2211 |p 28089 |r 2023-07-11 00:00:00 |w 2023-07-11 |y ARXIU | ||
| 952 | |0 0 |1 0 |2 udc |4 0 |6 REV2212 |7 1 |9 95947 |a Arxiu |b Arxiu |d 2023-07-11 |h Any 4 (1935) núm. 19 - Any 4 (1935) núm. 20 |l 0 |o Rev-2212 |p 28090 |r 2023-07-11 00:00:00 |w 2023-07-11 |y ARXIU | ||
| 952 | |0 0 |1 0 |2 udc |4 0 |6 REV2213 |7 1 |9 95948 |a Arxiu |b Arxiu |d 2023-07-11 |h Any 6 (1937) núm. 22 |l 0 |o Rev-2213 |p 28091 |r 2023-07-11 00:00:00 |w 2023-07-11 |y ARXIU | ||
| 999 | |c 47767 |d 47767 | ||